LEADER 00922nam a2200229 u 4500 001 000000089640 003 CaOOAMICUS 005 20070226124634.0 008 051124s1969 it u000 u ita u 035 $a11070381 040 $aPUL(R)$bita 245 00$aConsigli presbiteriali e pastorali diocesani /$cCesare Bonicelli ... [et al.] ;. 260 $aRoma :$bEd. Pastorali,$cc1969. 300 $a366 p. :$bill., diagr. ;$c22 cm 490 1 $aStrutture ;$v3 650 4$aDiocesi$zItalia.$0(OLS)http://pul/subject/13249 830 0$aStrutture ;$v3.$0(OLS)http://pul/title/115639 850 $aPUL 852 $aPUL$W1$xDP1 Fondo Pastorale$y55$mP13 B 14$j113285$nBK-PRI$b $qFondi$B113285$CPULBib$Z2$F113285 $HPUL2341 $81 941 1 $a1 996 $6245$aConsigli presbiteriali e pastorali diocesani$9(OLS)http://pul/title/115745 996 $6260$aRoma :$bEd. Pastorali$9(OLS)http://pul/publisher/66283 LEADER 01874nam a2200361 a 4500 001 000000150445 003 CaOOAMICUS 005 20160314164755.0 008 160314m19571961fr u000 u fre r 032 $aLibriCat 040 $aPUL$bita 041 1 $afre$alat 100 1 $aSuetonius Tranquillus, Caius,$df. sec. I-II.$0(OLS)http://pul/name/5481 245 10$aVies des douze Césars /$cSuètone ; texte ètabli et traduit par Henri Ailloud. 250 $aTome I- II troisième édition revue et corrigé. Tome III deuxième édition revue et corrigé. 260 $aParis :$bSociété d'édition "Les Belles lettres",$c1957-1961. 300 $av. ;$c20 cm. 490 1 $aCollection des universités de France 505 0 $aTome I. César- Auguste.-- Tome II. Tibère -Caligula-Claude- Néron.-- Tome III. Galba- Othon- Vitellius- Vespasien- Titus- Domitien. 546 $aIntroduzione francese e testo latino a fronte. 650 4$aLetteratura latina$xTesti.$0(OLS)http://pul/subject/16429 700 1 $aAilloud, Henri.$0(OLS)http://pul/name/95786 830 0$aCollection des universités de France.$0(OLS)http://pul/title/1172 850 $aPUL 852 $aPUL$W1$xDP1 Cons. Gen., Altre Classi 1$y22$m671 A 30$j172957$bTomo I$qStampati$B174949$CPULBib$Z2$F174949 $81 852 $aPUL$W1$xDP1 Cons. Gen., Altre Classi 1$y22$m671 A 31$j172958$bTomo II$qStampati$B174950$CPULBib$Z2$F174950 $81 852 $aPUL$W1$xDP1 Cons. Gen., Altre Classi 1$y22$m671 A 32$j172959$qStampati$B174951$CPULBib$Z2$F174951 $81 900 $aSvetonius Tranquillus, Caius,$df. sec. I-II$95481 900 $aSvetonio,$df. sec. I-II$95481 941 1 $a8 996 $6245$aVies des douze Césars$9(OLS)http://pul/title/189579 996 $6260$aParis :$bSociété d'édition "Les Belles lettres"$9(OLS)http://pul/publisher/48681